| 000 | 01885cam a2200553 a 4500 | ||
|---|---|---|---|
| 001 | 21519 | ||
| 003 | VRT | ||
| 005 | 20260303145636.0 | ||
| 008 | 160610s2014 xr ao j 000 j slo | ||
| 015 | _aSNBZSA2015 | ||
| 020 | _a9788025230022 (viaz.) | ||
| 035 | _a6A357588-02C1-473F-BC00-BAD14FEAAEE7 | ||
| 035 | _aurn:nbn:sk:snk-aml5zh | ||
| 035 | _aurn:nbn:sk:snk-am008v44 | ||
| 039 | 9 |
_a201606101711 _bVLOAD _c201604291814 _dVLOAD _c201604281040 _dVLOAD _c201511021159 _dmsnk17 |
|
| 040 |
_aPOKPOH _bslo _cPOKPOH _dSNK _eAACR2 |
||
| 041 | 1 |
_aslo _hita |
|
| 044 |
_axr _cCZ |
||
| 072 | 7 |
_a821-93 _xLiteratúra pre deti a mládež (beletria) _2konspekt |
|
| 080 |
_a821-93 _22001 |
||
| 080 |
_a821-32 _22001 |
||
| 080 |
_a(0:82-94) _22001 |
||
| 130 | 0 |
_aVioletta, II mio diario un anno dopo. _lSlovensky |
|
| 245 | 1 | 0 |
_aViolettin tajný denník _bnová sezóna _n[2] _c[preklad: Eva Krupová] |
| 250 | _a1. vyd. | ||
| 260 |
_aPraha _bEgmont ČR _c2014 |
||
| 300 |
_a192 s. _bfareb. ilustr. a fotogr. _c23 cm |
||
| 490 | 1 | _aDisney. Violetta | |
| 500 | _aPravdepodobne preložené z taliančiny | ||
| 500 | _aPodľa úspešného seriálu z produkcie Disney Channel | ||
| 500 | _aCopyright Disney Enterprises | ||
| 500 | _aChybný názov na obale: Vilolettin tajný denník | ||
| 521 | 1 | _aNevhodné pre deti do 3 rokov | |
| 655 | 7 |
_apríbehy _2SNKPH |
|
| 655 | 7 |
_apublikácie pre mládež _2SNKPH |
|
| 655 | 7 |
_afiktívne denníky _2SNKPH |
|
| 655 | 7 |
_aStories _2SNKPHeng |
|
| 655 | 7 |
_aJuvenile literature _2SNKPHeng |
|
| 655 | 7 |
_aImaginary diaries _2SNKPHeng |
|
| 700 | 1 |
_aKrupová, Eva, _d1941- _4trl |
|
| 830 | 0 | _aDisney. Violetta | |
| 910 | _apokpoh | ||
| 910 | _ahevk | ||
| 910 | _atotk | ||
| 910 | _askpk | ||
| 910 | _asnk | ||
| 942 |
_2ddc _cKLDE _n0 |
||
| 949 |
_617A1139595 _asnkSC 163467 _bsnk2015/7526 _oPemic10-ah/22Int. č. fa – 10/2015 _s6100:20151104 |
||
| 999 |
_c21519 _d21519 |
||